000 00391nam a2200133 i 4500
001 bg
245 1 3 _aVI Konferencja "Metody komputerowe w mechanice konstrukcji".
_nT. 2,
_pReferaty ogólne i plakatowe.
246 _aMetody komputerowe w mechanice konstrukcji
260 _aBiałystok,
_c1983.
040 _cBPK
041 _apol
942 _cKS
008 s pl f |000 0 pol
999 _c22058
_d22058
856 _uhttp://koha.tu.koszalin.pl/cgi-bin/koha/opac-detail.pl?biblionumber=22058
_yKatalog online BPK